[Event "Chigorin Memorial 2016"]
[Site "St Petersburg RUS"]
[Date "2016.10.16"]
[Round "2.21"]
[White "Salemgareev, Tagir"]
[Black "Aleksandrov, Aleksej"]
[Result "1-0"]
[BlackTitle "GM"]
[WhiteElo "2305"]
[BlackElo "2568"]
[WhiteFideId "24199052"]
[BlackFideId "13500139"]
[EventDate "2016.10.15"]

1. d4 Nf6 2. c4 e6 3. Nf3 d5 4. g3 dxc4 5. Bg2 Nc6 6. Qa4 Nd7 7. Qxc4 Nb6 8. Qd3
e5 9. Be3 f6 10. Nc3 Nb4 11. Qe4 g6 12. Nh4 Qe7 13. dxe5 f5 14. Qb1 Nc4 15. Bc1
Nxe5 16. O-O Bg7 17. a3 Nbc6 18. Nd5 Qf7 19. Rd1 Be6 20. Bg5 h6 21. Bf4 O-O-O
22. Nb4 Nd4 23. Bxe5 Bxe5 24. e3 Nb3 25. Qc2 c5 26. Rab1 g5 27. Nf3 Bf6 28. Nd4
Nxd4 29. exd4 Kb8 30. Qxc5 Be7 31. Qb5 Bxb4 32. Qxb4 Bd5 33. Rbc1 f4 34. Bxd5
Rxd5 35. Re1 a5 36. Qb6 Rf8 37. Re2 Rfd8 38. Qxh6 fxg3 39. hxg3 Qf3 40. Rce1 Ka7
41. Re5 Qg4 42. R1e4 Qd1+ 43. Kg2 g4 44. Qf6 a4 45. Qf4 Qb3 46. Rxd5 Rxd5 47.
Re5 Qc4 48. Rxd5 Qxd5+ 49. Kg1 Qb3 50. d5 Qd1+ 51. Kh2 Ka6 52. Qc4+ Kb6 53. Qb4+
Kc7 54. Qe7+ Kb6 55. Qd6+ Ka7 56. Qc5+ b6 57. Qc7+ Ka6 58. Qc4+ Ka5 59. Qb4+ Ka6
60. d6 Ka7 61. Qf4 Ka6 62. Qc4+ Ka5 63. Qc6 1-0

[Event "Chigorin Memorial 2016"]
[Site "St Petersburg RUS"]
[Date "2016.10.16"]
[Round "2.22"]
[White "Fedorov, Alexei"]
[Black "Demianjuk, Alexander"]
[Result "1/2-1/2"]
[WhiteTitle "GM"]
[WhiteElo "2567"]
[BlackElo "2302"]
[WhiteFideId "13500465"]
[BlackFideId "4134249"]
[EventDate "2016.10.15"]

1. e4 c5 2. Nf3 e6 3. d4 cxd4 4. Nxd4 Nc6 5. Nc3 d6 6. g3 a6 7. Bg2 Nxd4 8. Qxd4
Ne7 9. Be3 Nc6 10. Qb6 Qxb6 11. Bxb6 Bd7 12. f4 Rc8 13. O-O-O g5 14. Kb1 Rg8 15.
Bf3 gxf4 16. gxf4 Bh6 17. Ne2 Ke7 18. a3 Nb8 19. Ba5 Nc6 20. Be1 f6 21. Bh4 Be8
22. Bg3 e5 23. f5 Bf7 24. Bf2 Na5 25. b3 Rc6 26. Rd3 Rgc8 27. Be1 b6 28. Rc3
Rxc3 29. Nxc3 Nc6 30. Nd5+ Bxd5 31. exd5 Nd4 32. Be4 Be3 33. Bd3 a5 34. Rf1 Rg8
35. Bg3 h5 36. b4 axb4 37. axb4 Rg4 38. c3 e4 39. Bxe4 Rxe4 40. cxd4 h4 41. Bf2
Bxf2 42. Rxf2 Rxd4 43. Kc2 Rxd5 44. Rf4 Re5 45. Rxh4 Rxf5 46. Rh7+ Ke6 47. Rb7
b5 48. Kd2 Rd5+ 49. Ke3 f5 50. h4 Kf6 51. Rb8 Kg6 52. Kf3 Kf6 53. Ke3 f4+ 54.
Ke4 Re5+ 55. Kxf4 Rh5 1/2-1/2

[Event "Chigorin Memorial 2016"]
[Site "St Petersburg RUS"]
[Date "2016.10.16"]
[Round "2.23"]
[White "Fedotov, Nikita2"]
[Black "Stupak, Kirill"]
[Result "1/2-1/2"]
[BlackTitle "GM"]
[WhiteElo "2302"]
[BlackElo "2564"]
[WhiteFideId "24161446"]
[BlackFideId "13503758"]
[EventDate "2016.10.15"]

1. c4 e5 2. Nc3 Nc6 3. g3 Bc5 4. Bg2 Nf6 5. e3 a6 6. Nge2 d6 7. O-O O-O 8. a3 h6
9. b4 Ba7 10. Bb2 Bf5 11. d3 Qd7 12. Nd5 Nxd5 13. cxd5 Ne7 14. d4 e4 15. Nc3 Bg4
16. f3 exf3 17. Bxf3 Bh3 18. Rf2 Rae8 19. Qd2 b5 20. Re2 Bg4 21. Rf1 Bxf3 22.
Rxf3 Nc8 23. a4 Nb6 24. Qd3 Nc4 25. Bc1 c6 26. dxc6 Qxc6 27. Rf5 bxa4 28. Rc2
Rc8 29. Nd5 Rfe8 30. e4 a3 31. Bxa3 Qa4 32. Kh1 Nb6 33. Rxc8 Nxc8 34. Nc7 Re7
35. Ra5 Qd7 36. Nd5 Re8 37. Rxa6 f5 38. exf5 Qb7 39. Ra5 Bb6 40. Qb5 Re7 41. Ra6
Kh7 42. Bb2 Rc7 43. f6 gxf6 44. Qd3+ Kg7 45. Qf3 Qxa6 46. Qxf6+ Kg8 47. Nxc7
Qb7+ 48. d5 1/2-1/2

[Event "Chigorin Memorial 2016"]
[Site "St Petersburg RUS"]
[Date "2016.10.16"]
[Round "2.24"]
[White "Gordievsky, Dmitry"]
[Black "Bao, Qilin"]
[Result "1/2-1/2"]
[WhiteTitle "IM"]
[WhiteElo "2555"]
[BlackElo "2301"]
[WhiteFideId "24112798"]
[BlackFideId "8605750"]
[EventDate "2016.10.15"]

1. e4 e5 2. Nf3 Nf6 3. Nxe5 d6 4. Nf3 Nxe4 5. c4 Be7 6. d4 d5 7. Bd3 Nc6 8. Nc3
Nxc3 9. bxc3 O-O 10. O-O Bg4 11. Re1 dxc4 12. Bxc4 Bd6 13. h3 Bh5 14. g4 Bg6 15.
Bg5 Be7 16. Bxe7 Nxe7 17. Ne5 Nd5 18. Qf3 c6 19. Bb3 Kh8 20. Rad1 Rc8 21. c4 Ne7
22. d5 cxd5 23. cxd5 f6 24. Nxg6+ Nxg6 25. d6 Qb6 26. d7 Rcd8 27. Be6 Ne5 28.
Qd5 Qb4 29. Re4 Qb2 30. Qb3 Qxb3 31. axb3 Nf3+ 32. Kg2 Ng5 33. Re3 Nxe6 34. Rxe6
Kg8 35. f4 Rf7 36. Re8+ Rf8 37. Re3 Rf7 38. Re8+ Rf8 39. Re6 Rf7 40. Re8+ 1/2-1/2

[Event "Chigorin Memorial 2016"]
[Site "St Petersburg RUS"]
[Date "2016.10.16"]
[Round "2.25"]
[White "Shchukin, Dmitry"]
[Black "Alekseenko, Kirill"]
[Result "0-1"]
[WhiteTitle "IM"]
[BlackTitle "GM"]
[WhiteElo "2300"]
[BlackElo "2554"]
[WhiteFideId "4121724"]
[BlackFideId "4135539"]
[EventDate "2016.10.15"]

1. e4 c5 2. Nf3 d6 3. d4 cxd4 4. Nxd4 Nf6 5. Nc3 a6 6. f4 Qc7 7. a4 g6 8. Bd3
Bg7 9. Nf3 Nbd7 10. O-O b6 11. Qe1 Bb7 12. Kh1 O-O 13. Bd2 Nc5 14. b4 Nxd3 15.
cxd3 Rac8 16. Rc1 Qd7 17. Qf2 b5 18. axb5 axb5 19. Qb6 Rb8 20. Qg1 Nh5 21. g4
Nf6 22. h3 d5 23. e5 Ne4 24. Kh2 Nxd2 25. Nxd2 d4 26. Nce4 Ba8 27. Rc5 Rbc8 28.
Rfc1 Rxc5 29. Rxc5 f6 30. exf6 Bxf6 31. Qg3 Bg7 32. f5 gxf5 33. gxf5 Rxf5 34.
Qb8+ Rf8 35. Qxb5 Qa7 36. Qc4+ Kh8 37. Rc8 Qd7 38. Rxf8+ Bxf8 39. Qf7 Bh6 40.
Nf3 Bd5 41. Ne5 Qd8 42. Qf2 Qc7 43. Qg3 Qc2+ 44. Nf2 Qd2 45. Nf3 Qe3 46. Kg2 Bf4
47. Qg4 e6 48. b5 Bc7 49. Ne4 Qxd3 50. Nfg5 Qd2+ 51. Kg1 Qh2+ 52. Kf1 Bc4+ 53.
Ke1 Ba5+ 54. Kd1 Bb3+ 0-1

[Event "Chigorin Memorial 2016"]
[Site "St Petersburg RUS"]
[Date "2016.10.16"]
[Round "2.26"]
[White "Idani, Pouya"]
[Black "Askerov, Marat"]
[Result "0-1"]
[WhiteTitle "GM"]
[BlackTitle "FM"]
[WhiteElo "2551"]
[BlackElo "2299"]
[WhiteFideId "12510130"]
[BlackFideId "24175200"]
[EventDate "2016.10.15"]

1. Nf3 Nf6 2. c4 e6 3. g3 b6 4. Bg2 Bb7 5. O-O c5 6. Nc3 Be7 7. d4 cxd4 8. Qxd4
O-O 9. Rd1 Nc6 10. Qf4 Qb8 11. Qxb8 Raxb8 12. Bf4 Rbc8 13. Bd6 Bxd6 14. Rxd6
Rfd8 15. Rad1 Kf8 16. b3 Ke7 17. h3 Ne8 18. R6d2 d6 19. Nd4 Rd7 20. Nc2 Na5 21.
Nb4 Bxg2 22. Kxg2 Nxc4 23. Ncd5+ exd5 24. Nxd5+ Kd8 25. bxc4 Rxc4 26. g4 Rc5 27.
Ne3 Kc7 28. f4 Nf6 29. Kf3 Rc3 30. g5 Ng8 31. Rd3 Rxd3 32. Rxd3 Ne7 33. Ke4 Rd8
34. Nd5+ Kd7 35. Nc3 f5+ 36. gxf6 gxf6 37. f5 Rc8 0-1

[Event "Chigorin Memorial 2016"]
[Site "St Petersburg RUS"]
[Date "2016.10.16"]
[Round "2.27"]
[White "Burmakin, Vladimir"]
[Black "Ibadov, Dashgyn"]
[Result "1-0"]
[WhiteTitle "GM"]
[BlackTitle "FM"]
[WhiteElo "2545"]
[BlackElo "2294"]
[WhiteFideId "4105109"]
[BlackFideId "24107514"]
[EventDate "2016.10.15"]

1. Nf3 Nf6 2. g3 d5 3. Bg2 e6 4. c4 Be7 5. O-O O-O 6. d4 dxc4 7. Qc2 a6 8. a4
Nc6 9. Qxc4 Qd5 10. Nbd2 Rd8 11. Qxd5 exd5 12. Nb3 Bf5 13. Bf4 Bd6 14. Rfc1 Ne4
15. Ne1 Bxf4 16. gxf4 Nf6 17. e3 Rdc8 18. Nc5 b6 19. Ncd3 Na5 20. Ra3 Ra7 21.
Nb4 Rd8 22. Rac3 Rd7 23. Ned3 Bxd3 24. Nxd3 Ne8 25. Ne5 Rd6 26. b4 Nc4 27. Nxc4
dxc4 28. Rxc4 f5 29. a5 Kf7 30. Rc6 Ke7 31. Kf1 Kd7 32. Ke2 g6 33. Kd3 b5 34.
Rxd6+ cxd6 35. Bc6+ Ke7 36. Bxe8 Kxe8 37. d5 Kd7 38. Rc6 h6 39. h4 Ra8 40. f3 1-0

[Event "Chigorin Memorial 2016"]
[Site "St Petersburg RUS"]
[Date "2016.10.16"]
[Round "2.28"]
[White "Li, Yankai"]
[Black "Sunilduth Lyna, Narayanan"]
[Result "1/2-1/2"]
[BlackTitle "GM"]
[WhiteElo "2298"]
[BlackElo "2536"]
[WhiteFideId "8609357"]
[BlackFideId "5058422"]
[EventDate "2016.10.15"]

1. d4 Nf6 2. c4 g6 3. g3 Bg7 4. Bg2 c5 5. d5 d6 6. Nc3 O-O 7. Nf3 e6 8. O-O exd5
9. cxd5 Nbd7 10. Bf4 Qe7 11. e4 Ng4 12. Bg5 f6 13. Bc1 a6 14. a4 Nde5 15. Nh4 f5
16. exf5 gxf5 17. h3 Nf6 18. f4 Ng6 19. Re1 Qc7 20. Nf3 h6 21. Nd2 Bd7 22. Nc4
Rae8 23. Rxe8 Rxe8 24. Qb3 Nh5 25. Kh2 Re1 26. Bf3 Nf6 27. Qb6 Qxb6 28. Nxb6 Nf8
29. Kg2 Ne4 30. Nxd7 Nxd7 31. Nxe4 fxe4 32. Bg4 Nb6 33. Kf2 Rh1 34. Kg2 Re1 35.
Kf2 Rh1 36. Kg2 Re1 37. Kf2 Rh1 38. Kg2 Re1 39. Kf2 Rh1 40. Kg2 Re1 41. Kf2 1/2-1/2

[Event "Chigorin Memorial 2016"]
[Site "St Petersburg RUS"]
[Date "2016.10.16"]
[Round "2.29"]
[White "Yuffa, Daniil"]
[Black "Bykov, Egor"]
[Result "1/2-1/2"]
[WhiteTitle "IM"]
[BlackTitle "FM"]
[WhiteElo "2534"]
[BlackElo "2292"]
[WhiteFideId "24131423"]
[BlackFideId "34115290"]
[EventDate "2016.10.15"]

1. c4 c6 2. Nf3 d5 3. e3 Nf6 4. Nc3 a6 5. Qc2 e6 6. b3 Nbd7 7. Bb2 Bd6 8. Be2
O-O 9. Rg1 e5 10. g4 e4 11. g5 Ne8 12. Nh4 Nc7 13. O-O-O Ne5 14. c5 Nd3+ 15.
Bxd3 exd3 16. Qxd3 Bxc5 17. Ne2 Qe7 18. Ng3 Ba3 19. Bxa3 Qxa3+ 20. Kb1 a5 21.
Nh5 Qb4 22. Nf5 Bxf5 23. Qxf5 Ne8 24. Rg4 Qd6 25. Nf6+ Nxf6 26. gxf6 g6 27. Rdg1
Rfe8 28. Rh4 Qe5 29. Qxe5 Rxe5 30. Rf4 Kf8 31. Kc2 Ke8 32. d4 Re6 33. Kd3 Rd8
34. Rg3 Rdd6 35. Rgf3 h5 36. h4 Kd7 37. Ke2 Kc7 38. Kd3 Kb6 39. Kc3 Kb5 40. a3
b6 41. Kd3 c5 42. Kc3 Rc6 43. dxc5 bxc5 44. Kd3 Rb6 45. Kc3 Ka6 46. b4 cxb4+ 47.
axb4 Rec6+ 48. Kb3 axb4 49. Rxb4 Rxb4+ 50. Kxb4 Rc4+ 51. Kb3 Rxh4 52. Rg3 Kb5
53. Kc3 Kc5 54. Rxg6 Kd6 55. Rh6 Ke5 56. Kd3 Kf5 57. Ke2 Kg5 58. Rh8 Kxf6 59.
Kf3 Kf5 60. Rd8 Ke5 61. Re8+ Kd6 62. Rd8+ Ke6 63. Re8+ Kd7 64. Rh8 Ke7 65. Rh6
Rh3+ 66. Kg2 Rh4 67. Kf3 f6 68. Rh7+ Ke6 69. Rh8 1/2-1/2

[Event "Chigorin Memorial 2016"]
[Site "St Petersburg RUS"]
[Date "2016.10.16"]
[Round "2.30"]
[White "Tran, Minh Thang"]
[Black "Moiseenko, Vadim"]
[Result "1/2-1/2"]
[WhiteTitle "FM"]
[BlackTitle "IM"]
[WhiteElo "2293"]
[BlackElo "2528"]
[WhiteFideId "12401080"]
[BlackFideId "4123700"]
[EventDate "2016.10.15"]

1. d4 Nf6 2. c4 e6 3. Nf3 b6 4. g3 Ba6 5. Qc2 Bb7 6. Bg2 Na6 7. Nc3 c5 8. dxc5
Nxc5 9. O-O d6 10. Rd1 a6 11. Bf4 Qc7 12. Rac1 Be7 13. b4 Nce4 14. Nxe4 Bxe4 15.
Qd2 e5 16. Bg5 Rd8 17. Nh4 Qb7 18. Bxf6 Bxf6 19. Bxe4 Qxe4 20. f3 Qc6 21. Nf5
O-O 22. Nxd6 a5 23. a3 axb4 24. axb4 Bg5 25. Qxg5 Rxd6 26. Rxd6 Qxd6 27. c5 Qd4+
28. Kg2 Qxb4 29. c6 Qd6 30. Qf5 Qc7 31. Qd7 Rc8 32. h4 h6 33. Kf2 Kf8 34. Qd3
Kg8 35. h5 Rd8 36. Qa6 Rb8 37. Qb5 Rd8 38. Rc4 Re8 39. Qa6 Rb8 40. Kg2 Kh8 41.
Rc3 Kg8 42. Qb5 Rd8 43. Re3 Rc8 44. Rd3 Qxc6 45. Rd8+ Kh7 46. Qd3+ e4 47. Rxc8
Qxc8 48. Qxe4+ Kg8 49. Qd5 Qe8 50. Kf2 b5 51. Qc5 Qb8 52. Qb4 Qa7+ 53. Kg2 Qb7
54. g4 Qd5 55. Kf2 f5 56. Qe7 fxg4 57. Qe8+ Kh7 58. Qg6+ Kh8 59. Qe8+ Kh7 60.
Qg6+ 1/2-1/2

[Event "Chigorin Memorial 2016"]
[Site "St Petersburg RUS"]
[Date "2016.10.16"]
[Round "2.31"]
[White "Paravyan, David"]
[Black "Gogolev, Artem"]
[Result "1-0"]
[WhiteTitle "IM"]
[WhiteElo "2528"]
[BlackElo "2287"]
[WhiteFideId "4194985"]
[BlackFideId "4116615"]
[EventDate "2016.10.15"]

1. e4 c6 2. d4 d5 3. exd5 cxd5 4. Bd3 Nf6 5. c3 Nc6 6. Bf4 g6 7. Nf3 Bg7 8. O-O
O-O 9. Nbd2 Bf5 10. Bxf5 gxf5 11. Ne5 e6 12. Bg5 Qd6 13. Bxf6 Bxf6 14. f4 Bxe5
15. fxe5 Qe7 16. Qh5 Kh8 17. Nf3 Rg8 18. h4 Rg6 19. Ng5 h6 20. Kh2 Kg7 21. Nh3
Rg8 22. Rg1 Kh7 23. Raf1 R8g7 24. g3 Nb8 25. g4 fxg4 26. Ng5+ Kh8 27. Rxg4 f5
28. exf6 Rxf6 29. Rxf6 Qxf6 30. Qe8+ 1-0

[Event "Chigorin Memorial 2016"]
[Site "St Petersburg RUS"]
[Date "2016.10.16"]
[Round "2.32"]
[White "Paszewski, Mateusz"]
[Black "Xu, Yinglun"]
[Result "0-1"]
[WhiteElo "2291"]
[BlackElo "2526"]
[WhiteFideId "1141058"]
[BlackFideId "8604940"]
[EventDate "2016.10.15"]

1. e4 c5 2. Nf3 d6 3. Bb5+ Bd7 4. Bxd7+ Nxd7 5. O-O Ngf6 6. Re1 e6 7. b3 a6 8.
Bb2 Be7 9. d3 O-O 10. Nbd2 b5 11. a4 Qc7 12. Qe2 Nb6 13. axb5 axb5 14. h3 Nfd7
15. Qf1 Rac8 16. c4 bxc4 17. bxc4 Nb8 18. Reb1 Nc6 19. Bc3 Ra8 20. Rxa8 Rxa8 21.
Ra1 Rb8 22. Qc1 h6 23. Qc2 Qd8 24. Nb3 Nc8 25. Na5 N8a7 26. Nxc6 Nxc6 27. Rb1
Ra8 28. Qb2 Kh7 29. Kf1 g6 30. Qd2 Qd7 31. Re1 Bf8 32. Rb1 Kg8 33. Qc2 Kh7 34.
Qd2 Ra6 35. Qb2 Kg8 36. Ra1 Rxa1+ 37. Qxa1 f5 38. Qe1 Bg7 39. Bxg7 Kxg7 40. Qa1+
e5 41. Nd2 Qb7 42. Qa4 Kf7 43. f3 Nd4 44. Qa5 Ke7 45. g3 h5 46. h4 Ne6 47. Qa3
Qb4 48. Qxb4 cxb4 49. Kf2 f4 50. g4 Nd4 51. gxh5 gxh5 52. Ke1 b3 53. Kf2 b2 54.
Nb1 Kd7 55. Nc3 Kc6 0-1

[Event "Chigorin Memorial 2016"]
[Site "St Petersburg RUS"]
[Date "2016.10.16"]
[Round "2.33"]
[White "Brodsky, Michail"]
[Black "Khakimov, Timur"]
[Result "1-0"]
[WhiteTitle "GM"]
[BlackTitle "IM"]
[WhiteElo "2524"]
[BlackElo "2281"]
[WhiteFideId "14100932"]
[BlackFideId "4169115"]
[EventDate "2016.10.15"]

1. d4 d5 2. c4 Bf5 3. Nc3 e6 4. e3 Nf6 5. Nf3 Nc6 6. cxd5 exd5 7. Bb5 Bd6 8. Ne5
Bxe5 9. dxe5 Nd7 10. Qxd5 O-O 11. O-O Be6 12. Qd1 Ndxe5 13. f4 Ng4 14. Qf3 Nf6
15. Bxc6 Bg4 16. Qg3 bxc6 17. e4 Bh5 18. e5 Nd5 19. f5 Nxc3 20. bxc3 f6 21. Bh6
Qe7 22. Rae1 Kh8 23. exf6 Qxf6 24. Bg5 Qd6 25. Qh4 Bf7 26. Be7 Qd2 27. Bxf8 Rxf8
28. Qe7 1-0

[Event "Chigorin Memorial 2016"]
[Site "St Petersburg RUS"]
[Date "2016.10.16"]
[Round "2.34"]
[White "Leontiev, Aleksandr V."]
[Black "Gabrielian, Artur"]
[Result "0-1"]
[WhiteTitle "IM"]
[BlackTitle "GM"]
[WhiteElo "2285"]
[BlackElo "2524"]
[WhiteFideId "4122968"]
[BlackFideId "4131002"]
[EventDate "2016.10.15"]

1. c4 Nf6 2. Nc3 g6 3. e4 d6 4. d4 Bg7 5. Be2 O-O 6. Bg5 c5 7. d5 h6 8. Bf4 e6
9. dxe6 Bxe6 10. Qd2 Qb6 11. Bxh6 Bxh6 12. Qxh6 Qxb2 13. Rc1 Nc6 14. h4 Ne5 15.
f3 Nh5 16. Nd1 Qb4+ 17. Kf2 f5 18. exf5 Bxf5 19. g3 Rae8 20. Rc3 Bc2 21. Qc1
Bxd1 0-1

[Event "Chigorin Memorial 2016"]
[Site "St Petersburg RUS"]
[Date "2016.10.16"]
[Round "2.35"]
[White "Iljin, Timofey"]
[Black "Sviridov, Valery"]
[Result "1/2-1/2"]
[WhiteTitle "IM"]
[WhiteElo "2279"]
[BlackElo "2518"]
[WhiteFideId "14110180"]
[BlackFideId "4120680"]
[EventDate "2016.10.15"]

1. d4 d6 2. Nf3 g6 3. c4 Bg7 4. e4 e5 5. Nc3 exd4 6. Nxd4 Nc6 7. Be3 Nge7 8. h4
f5 9. h5 Rf8 10. hxg6 hxg6 11. g3 fxe4 12. Nxe4 Qd7 13. Bg2 Nf5 14. Nxf5 Qxf5
15. Qe2 Qe5 16. Bf4 Rxf4 17. gxf4 Qe7 18. O-O-O Bf5 19. Rh7 Kf8 20. Nc3 Re8 21.
Qxe7+ Rxe7 22. Bh3 Kg8 23. Rh4 Bf6 24. Bxf5 Bxh4 25. Bxg6 Bxf2 26. Nd5 Rg7 27.
Be4 Nd4 28. Rf1 Bh4 29. Rh1 Bd8 30. Kd2 c6 31. Ke3 Ne6 32. Rh6 Kf7 33. Bf5 Rg3+
34. Kf2 Nd4 35. Rh7+ Rg7 36. Rxg7+ Kxg7 37. Ne3 Ba5 38. Bc8 b6 39. Nf5+ Nxf5 40.
Bxf5 d5 41. cxd5 cxd5 42. Be6 Bb4 43. Bxd5 a5 44. Ke3 Kf6 45. Ke4 Bc5 46. Bb7
Bg1 47. Bc8 Bc5 48. Kd5 Be3 49. f5 Bf2 50. Kc6 Bg1 51. a3 Bd4 52. b3 Bc5 53. b4
axb4 54. axb4 Bxb4 1/2-1/2

[Event "Chigorin Memorial 2016"]
[Site "St Petersburg RUS"]
[Date "2016.10.16"]
[Round "2.36"]
[White "Ladva, Ottomar"]
[Black "Srinath, Rao S.V."]
[Result "0-1"]
[WhiteTitle "IM"]
[BlackTitle "FM"]
[WhiteElo "2513"]
[BlackElo "2279"]
[WhiteFideId "4500024"]
[BlackFideId "5028876"]
[EventDate "2016.10.15"]

1. c4 Nf6 2. d4 g6 3. Nc3 Bg7 4. e4 d6 5. Be2 O-O 6. Be3 e5 7. d5 Na6 8. g4 Nc5
9. Bf3 a5 10. h4 Bd7 11. h5 c6 12. g5 Ne8 13. Nge2 cxd5 14. Nxd5 b5 15. Nec3 b4
16. Nb5 Bxb5 17. cxb5 Nc7 18. Be2 N7e6 19. Bc4 Nxe4 20. hxg6 hxg6 21. Qg4 N4xg5
22. O-O-O Re8 23. Kb1 Nh7 24. Rxh7 Kxh7 25. Rh1+ Kg8 26. Qh3 Nf4 27. Nxf4 exf4
28. Bd4 Re5 29. Bd5 Rb8 30. Bxe5 dxe5 31. Qb3 Qf6 32. Rc1 Qf5+ 33. Ka1 e4 34.
Qc4 Qf6 35. Rc2 e3 36. f3 Rd8 37. b6 Qxb6 38. Bxf7+ Kf8 39. Rc1 Qf6 0-1

[Event "Chigorin Memorial 2016"]
[Site "St Petersburg RUS"]
[Date "2016.10.16"]
[Round "2.37"]
[White "Amina, Battsooj"]
[Black "Bajarani, Ulvi"]
[Result "1/2-1/2"]
[WhiteTitle "FM"]
[BlackTitle "GM"]
[WhiteElo "2274"]
[BlackElo "2512"]
[WhiteFideId "4902661"]
[BlackFideId "13403028"]
[EventDate "2016.10.15"]

1. e4 e6 2. d4 d5 3. exd5 exd5 4. Nf3 Bd6 5. c4 dxc4 6. Bxc4 Nf6 7. O-O O-O 8.
Nc3 Nc6 9. h3 a6 10. Be3 h6 11. Re1 b5 12. Bb3 Bb7 13. a3 Ne7 14. Bc2 Ned5 15.
Nxd5 Bxd5 16. Ne5 Re8 17. Bf4 c5 18. dxc5 Bxc5 19. Bb3 Re6 20. Bxd5 Nxd5 21. Bg3
Nf6 22. Qc2 Qe7 23. Nd3 Bd4 24. Rxe6 Qxe6 25. Re1 Qf5 26. Be5 Rc8 27. Qd2 Ne4
28. Qf4 Qxf4 29. Bxf4 f5 30. Re2 g5 31. Be3 Bxe3 32. Rxe3 Rc4 33. g3 Kg7 34. Kg2
Kf6 35. Kf3 Rc2 36. Re2 Rc6 37. g4 Rd6 38. Ke3 a5 39. Rc2 Re6 40. Kf3 Nd6 41.
Rc5 f4 42. Rd5 Ke7 43. h4 gxh4 44. Rh5 Ne4 45. Rxh4 Ng5+ 46. Kxf4 Rf6+ 47. Ke3
Re6+ 48. Kf4 1/2-1/2

[Event "Chigorin Memorial 2016"]
[Site "St Petersburg RUS"]
[Date "2016.10.16"]
[Round "2.38"]
[White "Levin, Evgeny A."]
[Black "Danielyan, Vahe"]
[Result "1-0"]
[WhiteTitle "GM"]
[BlackTitle "FM"]
[WhiteElo "2505"]
[BlackElo "2270"]
[WhiteFideId "4182596"]
[BlackFideId "13304828"]
[EventDate "2016.10.15"]

1. d4 Nf6 2. c4 e6 3. Nf3 b6 4. g3 Ba6 5. Qc2 Bb7 6. Bg2 c5 7. d5 exd5 8. cxd5
Nxd5 9. O-O Nc6 10. Rd1 Be7 11. a3 Nc7 12. Nc3 O-O 13. Bf4 Ne6 14. e3 Na5 15.
Nd5 Rc8 16. h4 Nxf4 17. exf4 Bxd5 18. Rxd5 Bf6 19. Rad1 Rc7 20. Bh3 Nc6 21. Rxd7
Rxd7 22. Rxd7 Qe8 23. Kh2 g6 24. Qd2 Nd4 25. Nxd4 Bxd4 26. Rxa7 Qb5 27. b4 Qc4
28. bxc5 bxc5 29. Bg2 Re8 30. f5 Qe2 31. Qf4 Qxf2 32. Qxf2 Bxf2 33. Bd5 Rf8 34.
f6 Bd4 35. a4 c4 36. Rc7 c3 37. a5 Be5 38. Rc4 Bxf6 39. a6 Bd4 40. Rxd4 Rc8 41.
Rd1 1-0

[Event "Chigorin Memorial 2016"]
[Site "St Petersburg RUS"]
[Date "2016.10.16"]
[Round "2.39"]
[White "Ovchinnikov, Vsevolod"]
[Black "Iljiushenok, Ilia"]
[Result "1-0"]
[WhiteTitle "FM"]
[BlackTitle "IM"]
[WhiteElo "2263"]
[BlackElo "2505"]
[WhiteFideId "24176842"]
[BlackFideId "24105074"]
[EventDate "2016.10.15"]

1. d4 Nf6 2. c4 g6 3. Nc3 Bg7 4. e4 d6 5. Nf3 O-O 6. h3 e5 7. d5 a5 8. g4 Na6 9.
Be3 Nd7 10. Rg1 Ndc5 11. h4 c6 12. g5 Bd7 13. Nd2 a4 14. a3 Qa5 15. h5 Nc7 16.
Rc1 cxd5 17. cxd5 b5 18. Rg3 N7a6 19. hxg6 fxg6 20. Be2 b4 21. Nc4 Qc7 22. axb4
Nxb4 23. Na3 Nb3 24. Rb1 Nd4 25. Kf1 Qb7 26. Kg2 Rac8 27. Bf1 Rf4 28. Nc4 Qb8
29. f3 Nbc2 30. Bf2 Rcf8 31. Nd2 Qb4 32. Bd3 Nxf3 33. Nxf3 Bg4 34. Qxc2 Bxf3+
35. Kg1 Qb7 36. Rf1 Qd7 37. Be3 Rg4 38. Qh2 Rff4 39. Bxf4 exf4 40. Rxg4 Bd4+ 41.
Rf2 Qxg4+ 42. Kf1 a3 43. Ke1 axb2 44. Nb1 h5 45. gxh6 Kh7 46. Rxb2 Bxb2 47. Qxb2
Qg1+ 48. Kd2 Kxh6 49. Qh8+ Kg5 50. Qd8+ Kh5 51. Qxd6 Qd1+ 52. Kc3 Qc1+ 53. Kb4
Qe3 54. Bc4 Bxe4 55. Nc3 Bf5 56. Qc5 Qd2 57. Be2+ Kh4 58. Qf2+ Kg5 59. Qg1+ Kh6
60. Kc4 g5 61. Qb6+ Bg6 62. Qd4 1-0

[Event "Chigorin Memorial 2016"]
[Site "St Petersburg RUS"]
[Date "2016.10.16"]
[Round "2.40"]
[White "Matinian, Nikita"]
[Black "Chu, Wei Chao"]
[Result "1/2-1/2"]
[WhiteTitle "IM"]
[BlackTitle "IM"]
[WhiteElo "2495"]
[BlackElo "2268"]
[WhiteFideId "24129100"]
[BlackFideId "8605661"]
[EventDate "2016.10.15"]

1. e4 c5 2. Nf3 d6 3. d4 cxd4 4. Nxd4 Nf6 5. Nc3 a6 6. Bg5 Nbd7 7. Bc4 Qb6 8.
Bb3 e6 9. Qd2 Be7 10. O-O-O Nc5 11. Rhe1 O-O 12. f4 h6 13. h4 Rd8 14. g4 Nxb3+
15. axb3 Bd7 16. Bxf6 Bxf6 17. g5 hxg5 18. hxg5 Bxd4 19. Qxd4 Qxd4 20. Rxd4 Bc6
21. Red1 Kf8 22. Rxd6 Rxd6 23. Rxd6 Ke7 24. Rd2 Rh8 25. Rf2 Rh4 26. e5 f6 27.
gxf6+ gxf6 28. exf6+ Kxf6 29. Kd2 e5 30. fxe5+ Kxe5 31. Re2+ Kd6 32. Rf2 Kc5 33.
Ne2 a5 34. c3 Kb6 35. Nd4 Rh3 36. Nc2 Bd5 37. b4 axb4 38. Nxb4 Bc6 39. b3 Rg3
40. Rf6 Rg2+ 41. Kd3 Rg3+ 42. Kd4 Rg4+ 43. Ke5 Re4+ 44. Kd6 Re3 45. c4 Rxb3 46.
Nd5+ Bxd5 47. cxd5 Rd3 48. Rf1 Kb5 49. Ke6 Kc4 50. Rc1+ Kb3 51. d6 b5 52. Rc5 b4
53. Rd5 Rh3 54. d7 Rh8 55. d8=Q Rxd8 56. Rxd8 Kc3 57. Rc8+ Kd3 58. Rb8 Kc3 59.
Kd5 b3 60. Rc8+ Kd3 61. Rb8 Kc2 62. Kc4 b2 63. Rxb2+ Kxb2 1/2-1/2

[Event "Chigorin Memorial 2016"]
[Site "St Petersburg RUS"]
[Date "2016.10.16"]
[Round "2.41"]
[White "Guzenko, Artem"]
[Black "Moskalenko, Alexander"]
[Result "0-1"]
[BlackTitle "IM"]
[WhiteElo "2261"]
[BlackElo "2490"]
[WhiteFideId "24144460"]
[BlackFideId "4155351"]
[EventDate "2016.10.15"]

1. e4 g6 2. d4 Bg7 3. c4 d6 4. Nc3 Nf6 5. Nf3 O-O 6. h3 e5 7. dxe5 dxe5 8. Be3
Nbd7 9. b4 a5 10. a3 b6 11. Bd3 axb4 12. axb4 Rxa1 13. Qxa1 Nc5 14. Bxc5 bxc5
15. Ke2 cxb4 16. Nd5 Qd6 17. Qa5 c5 18. Nd2 Be6 19. Ra1 Nh5 20. g3 Bxh3 21. Qa7
Qe6 22. Ke1 Bg2 23. Qxc5 Qh3 24. Ke2 Qh2 25. Rc1 Nxg3+ 26. Kd1 Nh5 27. Qxb4 Nf4
28. Kc2 Bh3 29. Qb6 Be6 30. Rf1 Qh3 31. Qe3 Qh4 32. Qg3 Qd8 33. Nxf4 exf4 34.
Qxf4 Qd4 35. Qe3 Qc3+ 36. Kd1 Rd8 37. Ke2 Bh6 0-1